Players Who Have Won The Most Grand Slams (Women and Men) - Statistics

General Stats
  • This quiz has been taken 160 times
    126 since last reset
  • The average score is 14 of 20
Answer Stats
Grand Slams Gender Player % Correct
23 Female Serena Williams
100%
7 Female Venus Williams
98%
21 Male Rafael Nadal
96%
20 Male Roger Federer
96%
20 Male Novak Djokovic
93%
14 Male Pete Sampras
86%
22 Female Steffi Graf
83%
8 Male Andre Agassi
79%
18 Female Martina Navratilova
78%
11 Male Bjorn Borg
72%
7 Male John McEnroe
67%
18 Female Chris Evert
64%
8 Female Billie Jean King
56%
8 Male Jimmy Connors
56%
11 Female Margaret Court
55%
9 Female Monica Seles
54%
8 Male Ivan Lendl
51%
7 Female Justine Henin
40%
7 Male Mats Wilander
28%
7 Female Evonne Goolagong
21%
No matching quizzes found
Score Distribution
Percent of People with Each Score
Percentile by Number Answered
Your Score History
You have not taken this quiz since the last reset